Lucifero con un libro /

Uloženo v:
Podrobná bibliografie
Hlavní autor: Burns, John Horne (Autor)
Další autoři: Tasso, Bruno (Překladatel)
Médium: Kniha
Jazyk:italština
Vydáno: Milano : Garzanti, 1950
Edice:Vespa blu. Scrittori stranieri. N. S ; 28
Tagy: Přidat tag
Žádné tagy, Buďte první, kdo vytvoří štítek k tomuto záznamu!

MARC

LEADER 00000nam a22000007i 4500
001 IT\ICCU\RAV\0668471
003 ItRI
005 20260218214623.0
008 000519s1950 it |||||| ||||| |||||c
040 |b ita  |c ct 
041 7 |a ita  |2 ISO-639-2 
100 1 |a Burns, John Horne  |0 IT\ICCU\VIAV\093559  |4 aut 
240 1 0 |a Lucifer with a book. -  |9 Burns, John Horne 
245 1 0 |a Lucifero con un libro /  |c John Horne Burns. 
260 |a Milano :  |b Garzanti,  |c 1950 
300 |a 507 p. ;  |c 20 cm 
500 |a Trad. dall'inglese di Bruno Tasso. 
700 1 |a Tasso, Bruno  |0 IT\ICCU\CFIV\023883  |4 trl 
830 0 |a Vespa blu. Scrittori stranieri. N. S ;  |v 28  |0 IT\ICCU\CUB\0001555 
942 |2 ddc  |c BK 
952 |0 0  |1 0  |2 ddc  |4 0  |6 LNR_02BURJOLUC11  |7 1  |9 6129  |a MI  |b MI  |d 1989-07-06  |i 1823  |l 0  |o LNR02-BURJO-LUC11  |p CDOM1823  |r 2025-07-13 16:28:00  |w 2025-07-13  |x ACQUISTO  |y BK 
952 |0 0  |1 0  |4 0  |6 DOC_813_520000000000000_BUR  |7 0  |9 23923  |a BO  |b BO  |d 2026-01-15  |i 1474  |l 0  |o DOC 813.52 BUR  |p BO1474  |r 2026-01-15 23:23:15  |w 2026-01-15  |x [Sebina 7] [1 v. (2. copia)]  |y BK  |z 1 v. (2. copia) 
952 |0 0  |1 0  |4 0  |6 DOC_813_520000000000000_BUR  |7 0  |9 23924  |a BO  |b BO  |d 2026-01-15  |i 403  |l 0  |o DOC 813.52 BUR  |p BO403  |r 2026-01-15 23:23:15  |w 2026-01-15  |x [Sebina 7] [1 v.]  |y BK  |z 1 v. 
999 |c 4900  |d 4900